Statistics for Land som slutter på «ia»

Click here to take the quiz!

General Stats

  • This quiz has been taken 403 times
  • The average score is 17 of 36

Answer Stats

Land% Correct
Spania
69%
Italia
67%
Albania
60%
Bulgaria
60%
India
60%
Belgia
59%
Slovakia
58%
Tyrkia
58%
Australia
57%
Latvia
57%
Romania
57%
Serbia
57%
Slovenia
57%
Armenia
55%
Kroatia
50%
Indonesia
47%
Colombia
46%
Bolivia
45%
Nigeria
45%
Somalia
44%
Tanzania
43%
Tunisia
43%
Tsjekkia
42%
Zambia
42%
Mongolia
40%
Malaysia
39%
Namibia
39%
Syria
38%
Georgia
36%
Saudi-Arabia
36%
Etiopia
33%
Gambia
33%
Nord-Makedonia
32%
Liberia
27%
Mauritania
19%
Saint Lucia
15%

Score Distribution

Percentile by Number Answered

Percent of People with Each Score

Your Score History

You have not taken this quiz